00531 2200181 4500001002100000008004100021035002000062245008900082100002200171700002100193260003900214300002300253020002200276084001400298082000800312650001600320990001300336INLIS000000000001056 ind  a0010-0120001056 aMentari Tak Pernah TenggelamcSumiati Lafiatun, Himyatul Amanah, dan Wiwit Fajarwati aLafiatun, Sumiati aFajarwati, Wiwit aMalang :bBintang Sejahtera,c2011 a114 hlm.c20,5 cm. a978-602-1150-18-4 a813 LAF m a813 aNovel Fiksi a11900570